| 000 | 02610nam a2200421 i 4500 | ||
|---|---|---|---|
| 001 | 193300 | ||
| 003 | SpMaBN | ||
| 005 | 20250712063137.0 | ||
| 007 | ta | ||
| 008 | 231031s2019 sp | |||| 000 f spa | ||
| 017 |
_aM 22662-2019 _bOficina Depósito Legal Madrid |
||
| 020 | _a9788416529766 | ||
| 035 | _a(OCoLC)1142870528 | ||
| 035 | _aa6655259 | ||
| 040 |
_aSpMaBN _bspa _cSpMaBN _erda _dES-MaACL |
||
| 080 | _a821.112.2-31"19" | ||
| 100 | 1 |
_aSchernikau, Ronald M., _d1960-1991 _eaut _9234432 |
|
| 245 | 1 | 0 |
_aKleinstadtnovelle : _brelato de provincias / _cRonald M. Shernikau ; traducción de Carlos Fortea |
| 250 | _aPrimera edición: septiembre 2019 | ||
| 264 | 1 |
_a[Madrid] : _bGallo Nero, _c2019 |
|
| 300 |
_a79 páginas ; _c19 cm |
||
| 336 |
_aTexto _2rdacontent |
||
| 337 |
_asin mediación _2rdamedia |
||
| 338 |
_avolumen _2rdacarrier |
||
| 490 | 1 |
_aNarrativas Gallo Nero ; _v56 |
|
| 520 | _a«Me acerco al futuro. estación zoo, el final, ¿un hermoso comienzo, un montón de mierda la capacidad de buscar, la voluntad de formar parte de una subcultura?» Publicada por primera vez en 1980 en una Alemania todavía dividida, Kleinstadtnovelle conquistó a toda una nación convirtiéndose rápidamente en un libro de culto y en un clásico de la literatura gay. Su autor, Ronald M. Schernikau, la escribió con diecinueve años y es imposible no detectar en ella un fuerte elemento autobiográfico. El protagonista, b., alter ego del autor, relata con pasión y vehemencia su rebeldía y la afirmación de su identidad sexual. Schernikau escribe con la fuerza emocional de quien intenta liberarse a sí mismo a través de la escritura, y lo hace de una forma instintiva y visceral. Su novela es un grito urgente y desesperado. El flujo de consciencia es ininterrumpido, nervioso y sin mayúsculas, colocándose así más allá de la gramática y también de las reglas y los prejuicios sociales. | ||
| 655 | 7 |
_9175819 _aNovelas autobiográficas |
|
| 700 | 1 |
_aFortea, Carlos, _d1963- _etrl _951844 |
|
| 830 |
_aNarrativas Gallo Nero _9234433 |
||
| 852 |
_aES-MaACL _bR.154716 _cDEPOJ _jN-9490 _hDonación: Carlos Fortea _9200740 _xEncuadernación rústica con solapas _zIncluye marcapáginas con la fotografía de la cubierta |
||
| 903 |
_aFortea, Carlos, _d1963- _ednr _951844 |
||
| 942 |
_n0 _cMONOGRAFIA |
||
| 999 |
_c193300 _d193300 |
||